000 00622nam a2200193Ia 4500
005 20260114185843.0
008 008 260114s9999 xx 000 0 eng d
020 _a9780755620203
037 _aEBOOK
040 _aCRL
_beng
_cCRL
041 _aeng
_2eng
084 _qCRL
100 _aAyse Gunes-Ayata, Ayca Ergun, Isil €elimli
_9875225
245 0 _aBlack Sea Politics Political Culture and Civil Society in an Unstable Region
260 _bBloomsbury
_c2005
856 _uhttps://doi.org/10.5040/9780755620203?locatt=label:secondary_bloomsburyCollections
942 _cEBOOK
999 _c1474159
_d1474159